Petrohradské veduty

Bibliographic Details
Main Author: Šulcová, Jana (pamiatkarka) (Author)
Format: Article
Language:Slovak
PhysicalDescription:Obr. 12, lit. 3 zázn. v nem., slov.
Subjects:

MARC

LEADER 00000nab a2200000 a 4500
001 vtls000557295
003 SK-MaSNL
005 20260426080616.0
008 250425c1995 xo 0 slo
015 |a SNBRB19rr/mm-uuuuu 
035 |a CL0557433 
035 |a (urnnbn)urn:nbn:sk:snk:ar-0029vs 
035 |a (uuid)3113955a-6eba-4c62-ad67-8f6c4dfb64a9 
035 |a urn:nbn:sk:snk-ab7r7y 
040 |a SNKBUCL  |b slo  |c SNKBUCL  |e AACR2 
041 0 |a slo 
044 |a xo  |c SK 
080 |a 75.047:069.51  |2 1981 
080 |a 76.047  |2 1981 
100 1 |a Šulcová, Jana  |c (pamiatkarka)  |4 aut  |9 438075 
245 1 0 |a Petrohradské veduty  |c Jana Šulcová 
300 |b Obr. 12, lit. 3 zázn. v nem., slov. 
610 2 7 |a Bratislavský hrad  |2 snkbucl  |9 63101 
650 0 7 |a veduty  |2 snkbucl  |9 2890 
650 0 7 |a barok  |2 snkbucl  |9 3184 
650 0 7 |a Petrohradské veduty  |2 snkbucl  |9 1382782 
651 7 |a Bratislava (Slovensko)  |2 snkbucl  |9 14568 
773 0 |t Pamiatky a múzeá  |g Č. 2 (1995), s. 12-16 
850 |a Slovenská národná knižnica 
852 |a Slovenská národná knižnica 
954 |a odborná, vedecká literatúra pôvodná (slovenská)  |2 lita 
958 |a article9 
958 |a OND 
958 |a EUIPO 
999 |c 2813720  |d 2815650